000 00870nam a2200241 a 4500
005 20090912142657.0
008 080424s2008 nyua j 000 1 eng
010 _aB-358079
020 _a9788126418435
_c60.00
035 _aB-358079
037 _bDBAD / PUB
040 _adpl
_bEnglish
082 _aS
100 _aArthy Muthanna Singh
245 _aJataka tales hard earned money /
_cretold by Arthy Muthanna Singh; illustrated by Sudheer P.Y.
260 _aKerala
_bDC Books
_c2008
270 _aDC Kizhakemuri Edam, Good Shepherd Street, Kottayam
_b686001
300 _a29p.:
_bcol. ill. ;
_c22cm(pbk)
650 _aJataka tales
700 _aSudheer P.Y.
942 _2ddc
_cCH
_hS
_mART
999 _c30336
_d30336